Podpora personálneho znalostného manažmentu prostredníctvom informačných technológií
Personálny znalostný manažment - pohľad vybraných autorov. Jarcheho životný cyklus znalosti pre personálny znalostný manažment. Softvérová podpora pre PZM vo vzdelávaní. ePortfolio - jeho štruktúra, porovnanie a využitie ePortfolií.
Enregistré dans:
| Auteur principal: | |
|---|---|
| Format: | Chapitre de livre |
| Langue: | slovaque |
| Sujets: | |
| Tags: |
Pas de tags, Soyez le premier à ajouter un tag!
|
MARC
| LEADER | 00000nla a2200000 4500 | ||
|---|---|---|---|
| 001 | 0234306 | ||
| 005 | 20240502073812.2 | ||
| 041 | 0 | |a slo | |
| 044 | |a SK | ||
| 245 | 1 | 0 | |a Podpora personálneho znalostného manažmentu prostredníctvom informačných technológií |c Eva Rakovská |
| 520 | |a Personálny znalostný manažment - pohľad vybraných autorov. Jarcheho životný cyklus znalosti pre personálny znalostný manažment. Softvérová podpora pre PZM vo vzdelávaní. ePortfolio - jeho štruktúra, porovnanie a využitie ePortfolií. | ||
| 610 | 2 | 0 | |a manažment znalostný |
| 610 | 2 | 0 | |a vzdelávanie |
| 610 | 2 | 0 | |a technológie informačné |
| 610 | 2 | 0 | |a technológie komunikačné |
| 610 | 2 | 0 | |a softvér |
| 610 | 2 | 0 | |a študenti |
| 610 | 2 | 0 | |a učitelia |
| 610 | 2 | 0 | |a vedomosti |
| 100 | 1 | |a Rakovská, Eva, 1963- | |